000 00523nam a2200181Ia 4500
999 _c10235
_d10235
003 OSt
005 20191219160428.0
008 190216s9999||||xx |||||||||||||| ||und||
040 _coclc
082 _a382.1
_bSNI/I
100 _aSnider, Delbert A
_9556
245 0 _aIntroduction To International Economics /
_c Delbert A Snider
250 _a7th ed.
260 _bSurjeet Publications,
_c1995.
_aDelhi:
300 _a454p
650 _aEconomics
942 _cBK
_2ddc
_h382.1
_iSNI/I
_k382.1
_mSNI/I